Computer Fundamentals: architecture and organization / (Record no. 183)

000 -LEADER
fixed length control field 00579nam a2200181Ia 4500
008 - FIXED-LENGTH DATA ELEMENTS--GENERAL INFORMATION
fixed length control field 190805s9999||||xx |||||||||||||| ||und||
020 ## - INTERNATIONAL STANDARD BOOK NUMBER
International Standard Book Number 9788122436105
Terms of availability Rs. 299.00
082 04 - DEWEY DECIMAL CLASSIFICATION NUMBER
Classification number 004.22
Item number R1401
100 1# - MAIN ENTRY--PERSONAL NAME
Personal name Ram, B.
245 10 - TITLE STATEMENT
Title Computer Fundamentals: architecture and organization /
250 ## - EDITION STATEMENT
Edition statement 5th ed.
260 ## - PUBLICATION, DISTRIBUTION, ETC. (IMPRINT)
Place of publication, distribution, etc New Delhi :
Name of publisher, distributor, etc New Age International Publishers,
Date of publication, distribution, etc 2014
300 ## - PHYSICAL DESCRIPTION
Extent various pagination
Other physical details : col. ill.
Dimensions ; 24 cm.
650 #0 - SUBJECT ADDED ENTRY--TOPICAL TERM
Topical term or geographic name as entry element Computer architecture
Form subdivision Textbooks
700 1# - ADDED ENTRY--PERSONAL NAME
Personal name Sanjay Kumar
852 ## - LOCATION/CALL NUMBER
Location
942 ## - ADDED ENTRY ELEMENTS (KOHA)
Item type Books
Holdings
Withdrawn status Lost status Damaged status Not for loan Collection code Permanent location Current location Shelving location Date acquired Source of acquisition Cost, normal purchase price Full call number Barcode Date last seen Koha item type Public note Total Checkouts Date last borrowed Total Renewals
        Computer Science IMU Kochi Library IMU Kochi Library General Stacks 2017-06-30 Educational Supplies 299.00 004.22 R1401 BK003564 2019-08-05 Books Gen. Shelf-1, Row-4      
        Computer Science IMU Kochi Library IMU Kochi Library General Stacks 2017-06-30 Educational Supplies 299.00 004.22 R1401 BK003565 2020-10-19 Books Gen. Shelf-1, Row-4 4 2020-10-19  
        Computer Science IMU Kochi Library IMU Kochi Library General Stacks 2017-06-30 Educational Supplies 299.00 004.22 R1401 BK003566 2019-08-05 Books Gen. Shelf-1, Row-4      
        Computer Science IMU Kochi Library IMU Kochi Library General Stacks 2017-06-30 Educational Supplies 299.00 004.22 R1401 BK003567 2019-12-18 Books Gen. Shelf-1, Row-4 1 2019-11-25 1
        Computer Science IMU Kochi Library IMU Kochi Library General Stacks 2017-06-30 Educational Supplies 299.00 004.22 R1401 BK003563 2019-08-05 Books Gen. Shelf-1, Row-4      


Copyright © All Rights Reserved by Indian Maritime University, Kochi Campus.
For any Suggestions/Query Contact to library or Email: library.kochi@imu.ac.in Ph:(0484)-2989402
(Web OPAC Designed by Rudra Ranjan. Maintained by IMU Kochi Library)

Powered by Koha